|
|
|
|
| LEADER |
00000nas a2200000 i 4500 |
| 001 |
ssj0002788 |
| 003 |
WaSeSS |
| 005 |
20200512172242.0 |
| 006 |
m d |
| 007 |
cr n |
| 008 |
030110d19932014xr fr pss 0 0eng c |
| 010 |
|
|
|a 2016236835
|
| 022 |
|
|
|a 1803-4551
|y 1210-762X
|
| 035 |
|
|
|a (WaSeSS)ssj0002788
|
| 037 |
|
|
|b Ustav Mezinarodnich Vztahu / Institute of International Relations, Nerudova 3, Prague, 11850 Czech Republic
|
| 040 |
|
|
|a HUA
|b eng
|e pn
|c HUA
|d OCLCQ
|d UQ1
|d MUQ
|d OCLCF
|d TXA
|d OCL
|d NOC
|d OCLCA
|d OCL
|d UHL
|d OCLCO
|d VT2
|d WaSeSS
|
| 042 |
|
|
|a pcc
|
| 043 |
|
|
|a ec-----
|
| 050 |
|
4 |
|a DAW1051
|b .P47
|
| 082 |
0 |
4 |
|a 320.943
|b P46 R4
|
| 130 |
0 |
|
|a Perspectives (Prague, Czech Republic : Online)
|
| 245 |
1 |
0 |
|a Perspectives
|h [electronic resource] :
|b review of Central European affairs /
|c Institute of International Relations.
|
| 260 |
|
|
|a Prague :
|b Institute of International Relations,
|c 1993-2014.
|
| 310 |
|
|
|a Twice a year
|
| 362 |
1 |
|
|a Print began with: 1 (1993); ceased with: Vol. 22, No. 2 (2014).
|
| 500 |
|
|
|a Issues for 2008- have subtitle: Review of international affairs.
|
| 506 |
|
|
|a License restrictions may limit access.
|
| 515 |
|
|
|a 1 (1992/1993)-28 (2007); v.16, no. 1 (2008)-v. 22, no. 2 (2014).
|
| 538 |
|
|
|a Mode of access: World Wide Web. Adobe Acrobat Reader is required to read the downloaded article.
|
| 588 |
|
|
|a Description based on: 2 (winter1993/1994); title from PDF cover (JSTOR, viewed July 16, 2014).
|
| 588 |
|
|
|a Latest issue consulted: Vol. 22, no. 2 (2014) (EBSCOhost, viewed Sept. 7, 2016).
|
| 648 |
|
7 |
|a Since 1989
|2 fast
|
| 650 |
|
7 |
|a Politics and government
|2 fast
|0 (OCoLC)fst01919741
|
| 650 |
|
7 |
|a Arme de guerre
|2 rasuqam
|
| 650 |
|
7 |
|a Terrorisme
|2 rasuqam
|
| 650 |
|
7 |
|a Relations internationales
|2 rasuqam
|
| 650 |
|
7 |
|a Histoire politique
|2 rasuqam
|
| 651 |
|
0 |
|a Europe, Central
|x Politics and government
|y 1989-
|v Periodicals.
|
| 651 |
|
6 |
|a Europe centrale
|x Politique et gouvernement
|y 1989-
|v Périodiques.
|
| 651 |
|
7 |
|a Central Europe.
|2 fast
|0 (OCoLC)fst01244544
|
| 651 |
|
7 |
|a Europe centrale
|2 rasuqam
|
| 655 |
|
0 |
|a Electronic journals.
|
| 710 |
2 |
|
|a Ústav mezinárodních vztahů.
|
| 776 |
0 |
8 |
|i Print version:
|t Perspectives (Prague, Czech Republic)
|x 1210-762X
|w (DLC) 94655031
|w (OCoLC)29927671
|
| 785 |
0 |
0 |
|t New perspectives (Prague, Czech Republic)
|x 2336-8268
|w (DLC) 2016236836
|w (OCoLC)953569062
|
| 856 |
4 |
0 |
|z Full text available from Research Library: 12/01/2002 to 2014
|u https://search.proquest.com/publication/44542
|